| 000 | 00537 a2200169 4500 | ||
|---|---|---|---|
| 003 | NUST | ||
| 005 | 20240107100340.0 | ||
| 008 | 240107b ||||| |||| 00| 0 eng d | ||
| 082 |
_a954.9 _bALI |
||
| 100 |
_aAli, Chaudhri Muhammad. _921116 |
||
| 245 |
_aThe emergence of Pakistan _cby Chaudhri Muhammad Ali. |
||
| 260 |
_aLahore : _bResearch Society of Pakistan, University of the Punjab, _c2003. |
||
| 300 |
_aix, 418 p. : _c24 cm. |
||
| 650 | _apakistan | ||
| 830 | 0 |
_aPublication (Research Society of Pakistan) ; _935668 |
|
| 942 |
_2ddc _cBK |
||
| 999 |
_c413 _d413 |
||